Německá otázka před Ženevskou konferencí /

Hlavní autor: Šnejdárek, Antonín, 1916-1982
Jazyk: Čeština
Vydáno: Praha : Československá společnost pro šíření politických a vědeckých znalostí, 1959
Témata:
Fyzický popis: 31 s.
Knihy
Uloženo v:
LEADER 01044nam a22002292a 4500
001 000307707
003 CZ BrMZK
005 20200316124113.0
007 ta
008 980107s1959 xr f cze d
040 |a BOA001  |b cze 
100 1 |a Šnejdárek, Antonín,  |d 1916-1982  |7 jk01130660  |4 aut 
245 1 0 |a Německá otázka před Ženevskou konferencí /  |c Antonín Šnejdárek. 
260 |a Praha :  |b Československá společnost pro šíření politických a vědeckých znalostí,  |c 1959 
300 |a 31 s. 
910 |a BOA001  |b PK-N-0004.279  |b X2-0422.417 
964 |a Německo - imperialismus - vývoj 
990 |a BK 
996 6 |b 2618844428  |c X2-0422.417  |l MZK  |r Sklad / do 24 hodin  |n 0  |w 000307707  |u 000040  |a 1  |e BOA001  |j MZK50  |s P 
996 6 |b 2618844429  |c X2-0422.417  |l MZK  |r Sklad / do 24 hodin  |n 0  |w 000307707  |u 000030  |a 1  |e BOA001  |j MZK50  |s P 
996 6 |b 3119924532  |c PK-N-0004.279  |l MZK  |r Sklad / do 1 hodiny  |n 0  |w 000307707  |u 000020  |a 1  |e BOA001  |j MZK50  |s P 
996 7 |b 3119924642  |c PK-N-0004.279  |l MZK  |r Sklad / do 1 hodiny  |n 0  |w 000307707  |u 000010  |a 1  |e BOA001  |j MZK50  |s A